[Event "XIV Festival A"]
[Site "Trieste ITA"]
[Date "2012.09.08"]
[Round "9"]
[White "Turov, Maxim"]
[Black "Erdos, Viktor"]
[WhiteElo "2636"]
[BlackElo "2643"]
[Result "1/2-1/2"]
[PlyCount "22"]
[EventDate "2012.09.01"]

1. c4 g6 2. Nc3 c5 3. g3 Bg7 4. Bg2 Nc6 5. Nf3 e6 6. d4 cxd4 7. Nb5 d5 8. cxd5
exd5 9. Nbxd4 Nge7 10. O-O O-O 11. Be3 Re8 1/2-1/2